| 000 | 00493nam a2200181Ia 4500 | ||
|---|---|---|---|
| 008 | 240925s9999 xx 000 0 und d | ||
| 020 | _a9789694073873 | ||
| 082 | _a621.3822 HAS | ||
| 100 | _aHasnain , S.K | ||
| 245 | 0 | _aDigital Signal Processing: theory & worked examples | |
| 250 | _a3rd | ||
| 260 |
_aKarachi: _bRoyal Books _c,2011. |
||
| 300 |
_axi,125p. _bN.A _fPirated |
||
| 500 | _aIncludes Index | ||
| 600 | _aTelecommunication Engineering | ||
| 650 | _aTechnology | ||
| 942 | _cBK | ||
| 999 |
_c11223 _d11223 |
||